| 000 | 01088cam a22002175a 4500 | ||
|---|---|---|---|
| 001 | L135557 | ||
| 008 | 061107s2006 xxkdo f 000 0 eng u | ||
| 020 | 0 | _a1860819419 | |
| 020 | 1 | _a9781860819414 | |
| 035 | _a(Sirsi) u135557 | ||
| 050 | 0 | 4 | _a690.231 $2 18 |
| 100 | _aYates, Tim | ||
| 245 | 0 | 0 |
_aRefurbishing Victorian housing _bguidance and assessment method for sustainable refurbishment |
| 260 |
_aWatford _bBRE _c2006 |
||
| 300 |
_a6p. _bill. _c30cm. |
||
| 490 | 0 |
_aBRE Information Paper _v(9/06) |
|
| 520 | _aOutlines a method of assessing the refurbishment of traditionally built houses dating from the period 1840-1919. Looks at competing requirements for modern energy and acoustic standards, whole building performance and the effects of durability, reliability and maintainability of the building fabric. Summarises the economic, environmental and social costs and benefits of retaining this part of the building stock and sets out a methodology that can be used in the assessment process. | ||
| 651 | 4 |
_aUnited Kingdom _y |
|
| 690 |
_aRefurbishment _96264 |
||
| 942 | _n0 | ||
| 999 |
_c106095 _d106095 |
||